书目信息 |
| 题名: |
手把手教你学C语言
|
|
| 作者: | 吴明杰 , 曹宇 , 吴丹 著 | |
| 分册: | ||
| 出版信息: | 北京 机械工业出版社 2016.11 |
|
| 页数: | 12,573页 | |
| 开本: | 24cm | |
| 丛书名: | ||
| 单 册: | ||
| 中图分类: | TP312C | |
| 科图分类: | ||
| 主题词: | C语言--程序设计 | |
| 电子资源: | ||
| ISBN: | 978-7-111-55307-6 | |
| 000 | 01038nam0 2200265 450 | |
| 001 | 0100004528 | |
| 005 | 20161208084616.2 | |
| 010 | @a978-7-111-55307-6@dCNY79.00 | |
| 100 | @a20161208d2016 em y0chiy50 ea | |
| 101 | 0 | @achi |
| 102 | @aCN@b110000 | |
| 105 | @aak z 000yy | |
| 106 | @ar | |
| 200 | 1 | @a手把手教你学C语言@Ashou ba shou jiao ni xue C yu yan@f吴明杰,曹宇,吴丹著 |
| 210 | @a北京@c机械工业出版社@d2016.11 | |
| 215 | @a12,573页@c图@d24cm | |
| 330 | @a本书是学习C语言的入门书籍,内容翔实全面,包括C语言基础知识、流程控制、数组、函数、指针、字符串、结构体、链表、文件操作等核心知识。这些知识构成了C语言的主要框架,本书在讲解这些知识时力求清晰明白,让每位读者增加了很多在工作中需要用到的其他知识,比如栈和队列、自定义头文件、多文件编译等。 | |
| 333 | @a本书适合初中级程学设计专业读者阅读 | |
| 606 | 0 | @aC语言@x程序设计 |
| 690 | @aTP312C@v5 | |
| 701 | 0 | @a吴明杰@Awu ming jie@4著 |
| 701 | 0 | @a曹宇@Acao yu@4著 |
| 701 | 0 | @a吴丹@Awu dan@4著 |
| 801 | 0 | @aCN@c201701015 |
| 905 | @a河南城建学院图书馆@dTP312C@eW832 | |
| 手把手教你学C语言/吴明杰,曹宇,吴丹著.-北京:机械工业出版社,2016.11 |
| 12,573页:图;24cm |
| 使用对象:本书适合初中级程学设计专业读者阅读 |
| ISBN 978-7-111-55307-6:CNY79.00 |
| 本书是学习C语言的入门书籍,内容翔实全面,包括C语言基础知识、流程控制、数组、函数、指针、字符串、结构体、链表、文件操作等核心知识。这些知识构成了C语言的主要框架,本书在讲解这些知识时力求清晰明白,让每位读者增加了很多在工作中需要用到的其他知识,比如栈和队列、自定义头文件、多文件编译等。 |
| ● |
| 相关链接 |
|
|
|
正题名:手把手教你学C语言
索取号:TP312C/W832
 
预约/预借
| 序号 | 登录号 | 条形码 | 馆藏地/架位号 | 状态 | 备注 |
| 1 | 1363888 | 213638884 | 自科库301/301自科库 54排7列1层/ [索取号:TP312C/W832] | 在馆 | |
| 2 | 1363889 | 213638893 | 自科库301/301自科库 54排7列1层/ [索取号:TP312C/W832] |
已借出,限还日期为2026.08.20 借出人:黄建国 |